000 00753nam a2200205Ii 4500
003 JO-AjNU
008 230606s9999||||xx |||||||||||||| ||und||
020 _a978-0-7844-1042-4
040 _aJO-AjNU
_beng
_erda
_cJO-AjNU
041 _aeng
050 1 4 _aTE278.P447 2009
100 3 _aEdited Walubita, Lubinda F… (et al),
_eauthor
_95159
245 0 0 _aAsphalt Material Characterization, Accelerated Testing, and Highway Management
264 3 1 _aAmerican: ASCE, 2009
300 _a206p
_bIncludes bibiographical references and indexes
336 _atext
_btxt
_2rdacontent
337 _aunmediated
_bn
_2rdamedia
338 _avolume
_bnc
_2rdacarrier
650 4 _aPavements- Asphalt- Testing - Congresses - Design and construction - Congresses
_95160
999 _aE2667
_c2665
_d2665